| 000 | 00452nam a22001817a 4500 | ||
|---|---|---|---|
| 003 | MPLRDC | ||
| 005 | 20220104124316.0 | ||
| 008 | 210129b ||||| |||| 00| 0 eng d | ||
| 082 | _a870.8 MJMZ v.62 | ||
| 100 | _a里昂. 尤瑞斯 LEON URIS | ||
| 245 |
_a出埃及记. 上 _c林子书 译 |
||
| 250 | _a初版 | ||
| 260 |
_a _b好时年出版社 _c1981 |
||
| 300 | _b平 | ||
| 490 | _a名家名著;62 | ||
| 650 | _a | ||
| 942 |
_cBK _o870.8 MJMZ v.62 |
||
| 999 |
_c18307 _d18297 |
||